书目信息 |
| 书名: | Geology and the environment | |
| 作者: | Bernard W. Pipkin, D.D. Trent. | |
| 分册号: | ||
| 分册名: | 出版地: | Pacific Grove, CA : |
|
| 出版社: | Brooks/Cole | |
| 出版时间: | c2001. | |
| 页数: | xx, 569 p. : | |
| 开本: | 28 cm + | |
| 丛书名: | Brooks/Cole earth science and astronomy series | |
| 中图分类号: | ||
| 科图分类号: | ||
| 其他分类号: | X141 | |
| 主题词: | ||
| 电子资源: | ||
| 000 | 01063pam 2200313 a 4500 | |
| 001 | E0732665371 | |
| 005 | 20070316090638.65 | |
| 008 | 000407s2001 cauab b 001 0 eng | |
| 010 | @a 00030401 | |
| 020 | @a0534377971. | |
| 020 | @a0534513832. | |
| 040 | @aDLC@cDLC@dYDX | |
| 050 | 00 | @aQE38@b.P48 2001 |
| 082 | 00 | @a550 @2 21 |
| 090 | @aX141 | |
| 092 | @aCN@bJC02-840 | |
| 093 | @aX141 @2 4 | |
| 099 | @dX141@ex2 | |
| 100 | 1 | @aPipkin, Bernard W. |
| 245 | 10 | @aGeology and the environment / @cBernard W. Pipkin, D.D. Trent. |
| 250 | @a3rd ed. | |
| 260 | @aPacific Grove, CA :@bBrooks/Cole,@cc2001. | |
| 300 | @axx, 569 p. :@bill. (chiefly col.), col. maps ;@c28 cm +@e1 computer optical disc (4 3/4 in.). | |
| 440 | 0 | @aBrooks/Cole earth science and astronomy series |
| 500 | @aCD-ROM's title: Earth System Today contains both geology and earth-science concepts. | |
| 504 | @aIncludes bibliographical references and index. | |
| 650 | 0 | @aEnvironmental geology. |
| 700 | 1 | @aTrent, D. D. |
| 920 | @a232010@z2 | |
| Geology and the environment / / Bernard W. Pipkin, D.D. Trent.-3rd ed.-Pacific Grove, CA : : Brooks/Cole, , c2001. |
| xx, 569 p. : : ill. (chiefly col.), col. maps ; ; 28 cm + + 1 computer optical disc (4 3/4 in.).- (Brooks/Cole earth science and astronomy series ) |
| CD-ROM's title: Earth System Today contains both geology and earth-science concepts.-Includes bibliographical references and index. |
| ISBN 0534377971. |
| ● |
| 相关链接 |
|
|
|
|
正题名:Geology and the environment
索取号:X141/x2
 
预约/预借
| 序号 | 登录号 | 条形码 | 馆藏地/架位号 | 状态 | 备注 |
| 1 | 0002307 | 300023070 | 第二样本阅览室/ [索取号:X141/x2] | 在馆 | |
| 2 | 0002308 | 300023089 | 第四借阅区/ [索取号:X141/x2] | 在馆 |